【プロ野球】 2026年で聴けなくなる応援歌 - Statistics

General Stats
  • This quiz has been taken 343 times
    7 since last reset
  • The average score is 5 of 6
Answer Stats
応援歌 選手名 % Correct
期待を背負い 頂目指しハマの未来を担え 〇〇〇〇 山本祐大
100%
期待を背に受けて 飛ばせ遠く 今放つアーチ 世界を翔けろ  ーーーーーーーーーーーーーーーー 〇〇!ホームラン!  勝負強さ煌めき 〇〇打て ビシエド
100%
チームを救う ダイヤモンドのHERO走れ 飛び込め 輝け 〇〇〇〇 羽月隆太郎
86%
夢を賭けた マウンドで〇〇〇〇よ 今見せてやれ 尾形崇斗
86%
儚き夢追いこの地へ 導かれ 青の誇り胸に 空に花咲かせろ ビシエド
86%
勝利に向かって 進め今こそ 生み出せチャンスを いざ〇〇 栗山巧
71%
No matching quizzes found
Score Distribution
Percent of People with Each Score
Percentile by Number Answered
Your Score History
You have not taken this quiz since the last reset